Normal view MARC view
  • English wit and humor.

Entry Topical Term

Number of records used in: 1

001 - CONTROL NUMBER

  • control field: 29398

003 - CONTROL NUMBER IDENTIFIER

  • control field: NUST

005 - DATE AND TIME OF LATEST TRANSACTION

  • control field: 20200824124104.0

008 - FIXED-LENGTH DATA ELEMENTS

  • fixed length control field: 200824|| aca||aabn | a|a d

040 ## - CATALOGING SOURCE

  • Original cataloging agency: NUST
  • Transcribing agency: NUST

150 ## - HEADING--TOPICAL TERM

  • Topical term or geographic name entry element: English wit and humor.

670 ## - SOURCE DATA FOUND

  • Source citation: Work cat.: (NUST)0: Brandreth, Gyles Daubeney, 1948- 29397, A joke-a-day book /, c1979.
© 2023 Central Library, National University of Sciences and Technology. All Rights Reserved.